000
00328nam a2200133Ia 4500
008
240624s9999 xx 000 0 und d
041
_a
eng
082
_a
891.43 JOS
100
_a
JOSHI RAJESH
245
_a
NAGARJUNA RACHANA SANCHAYAN
260
_c
2011
_a
Delhi
_b
Sahitya Academy
300
_a
328 : p. : cm. ; 22
365
_c
RS
999
_c
20924
_d
20924